logo

Bir Sreshtho Munshi Abdur Rouf Library
Jhenaidah Cadet College

Macroeconomics / (Record no. 8623)

MARC details
000 -LEADER
fixed length control field 00740pam a2200265 i 4500
001 - CONTROL NUMBER
JCCL Control Number 8623
003 - CONTROL NUMBER IDENTIFIER
JCCL marc code BD-JhCC
005 - DATE AND TIME OF LATEST TRANSACTION
control field 20180228095037.0
008 - FIXED-LENGTH DATA ELEMENTS--GENERAL INFORMATION
fixed length control field 770629s1978 nyua b 001 0 eng
020 ## - INTERNATIONAL STANDARD BOOK NUMBER
International Standard Book Number 0070177511
035 ## - SYSTEM CONTROL NUMBER
system control number (BD-JhCC)8623
040 ## - CATALOGING SOURCE
Original cataloging agency DLC
Transcribing agency DLC
Modifying agency DLC
-- BD-JhCC
041 ## - LANGUAGE CODE
Language code of Book eng
050 00 - LIBRARY OF CONGRESS CALL NUMBER
Classification number HB171.5
Item number .D618
082 00 - DEWEY DECIMAL CLASSIFICATION NUMBER
Classification number 339
Author mark and Year DOR 1978
100 1# - MAIN ENTRY--PERSONAL NAME
Personal name Dornbusch, Rudiger.
245 00 - TITLE STATEMENT
Title Macroeconomics /
Statement of responsibility, etc Rudiger Dornbusch, Stanley Fischer.
260 ## - PUBLICATION, DISTRIBUTION, ETC. (IMPRINT)
Place of publication, distribution, etc New York :
Name of publisher, distributor, etc McGraw-Hill,
Date of publication, distribution, etc c1978.
300 ## - PHYSICAL DESCRIPTION
Pagination vii, 664 p. :
Other physical details ill. ;
Dimensions 25 cm.
504 ## - BIBLIOGRAPHY, ETC. NOTE
Bibliography, etc Includes bibliographical references and index.
650 #0 - SUBJECT ADDED ENTRY--TOPICAL TERM
Topical term or geographic name as entry element Macroeconomics.
700 1# - ADDED ENTRY--PERSONAL NAME
Personal name Fischer, Stanley,
942 ## - ADDED ENTRY ELEMENTS (KOHA)
Source of classification or shelving scheme Dewey Decimal Classification
Koha item type Books
Holdings
Source of classification or shelving scheme Damaged status Not for loan Home library Current library Shelving location Total Checkouts Full call number Barcode Date last seen Copy number Koha item type
Dewey Decimal Classification     JCC Rouf Library JCC Rouf Library General Stacks   339 DOR 1978 11392 02/28/2018 C - 1 Books

JCC Library | Contacts | JCC Home

Last Update on 23 September 2017
Copyright @ 2017-2020 JCC Rouf Library
Rouf Library, Jhenidah Cadet College (JCC), Bangladesh